Statistics for Top 15 Countries with Covid-19 Cases - 14 December

Click here to take the quiz!

General Stats

  • This quiz has been taken 19 times
  • The average score is 17 of 27

Answer Stats

country% Correct
France
100%
Germany
100%
Italy
100%
Spain
100%
United Kingdom
100%
United States
100%
Brazil
95%
India
95%
Mexico
95%
Russia
95%
Argentina
74%
Belgium
68%
Poland
68%
Netherlands
63%
Turkey
63%
Switzerland
58%
Colombia
47%
Czechia
47%
Iran
47%
Croatia
32%
Israel
32%
Slovenia
32%
Qatar
26%
Armenia
21%
Bahrain
16%
Georgia
11%
Panama
11%

Score Distribution

Percentile by Number Answered

Percent of People with Each Score

Your Score History

You have not taken this quiz